Thinking history, fighting evil : neoconservatives and the perils of analogy in American politics /

Bibliographic Details
Main Author: MacDonald, David Bruce
Format: Book
Language:English
Published: Lanham, MD : Lexington Books, [2009]
Subjects:

MARC

Tag First Indicator Second Indicator Subfields
LEADER 00000cam a22000004a 4500
001 in00002464458
005 20151110114225.0
008 090109s2009 mdu b 001 0 eng
010 |a  2009000806 
020 |a 9780739125021 (hardcover : alk. paper) 
020 |a 0739125028 (hardcover : alk. paper) 
020 |a 9780739125038 (pbk. : alk. paper) 
020 |a 0739125036 (pbk. : alk. paper) 
020 |a 9780739137109 (electronic) 
020 |a 0739137107 (electronic) 
029 1 |a CDX  |b 9505161 
029 1 |a CDX  |b 9505162 
035 |a (OCoLC)ocn298613497 
035 |a (OCoLC)298613497 
040 |a DLC  |c DLC  |d BTCTA  |d YDXCP  |d YDX  |d C#P  |d CDX  |d UtOrBLW 
043 |a n-us--- 
049 |a TXAM 
050 0 0 |a JC573.2.U6  |b M33 2009 
082 0 0 |a 320.520973  |2 22 
100 1 |a MacDonald, David Bruce. 
245 1 0 |a Thinking history, fighting evil :  |b neoconservatives and the perils of analogy in American politics /  |c David B. MacDonald. 
264 1 |a Lanham, MD :  |b Lexington Books,  |c [2009] 
264 4 |c ©2009 
300 |a xix, 219 pages ;  |c 23 cm. 
336 |a text  |b txt  |2 rdacontent 
337 |a unmediated  |b n  |2 rdamedia 
338 |a volume  |b nc  |2 rdacarrier 
504 |a Includes bibliographical references and index. 
650 0 |a Conservatism  |z United States. 
651 0 |a United States  |x Politics and government  |y 1989- 
651 0 |a United States  |x Foreign relations  |y 1989- 
938 |a Baker and Taylor  |b BTCP  |n BK0008161334 
938 |a YBP Library Services  |b YANK  |n 2955404 
938 |a Coutts Information Services  |b COUT  |n 9505162 
945 |a PromptCat  |b 708768 
946 |a stk 
947 |a A14840094389 
994 |a 92  |b TXA 
948 |a cataloged  |b h  |d 2009/5/28  |h c  |e asalazar  |f 4:01:34 pm 
999 |a MARS 
999 f f |s 42186912-c30d-3ee2-a063-9df4131cbb83  |i 0429f35e-ce1f-332a-a091-5bec158e412f  |t 0 
952 f f |p ric  |a Texas A&M University  |b Rellis Campus  |c Joint Library Facility  |d Remote Storage  |t 0  |e JC573.2.U6 M33 2009  |h Library of Congress classification  |i unmediated -- volume  |m A14840094389 
998 f f |a JC573.2.U6 M33 2009  |t 0  |l Remote Storage